|
|
|
|
| LEADER |
00000nam a2200000 a 4500 |
| 001 |
UCG7156 |
| 003 |
CL-VaPUC |
| 008 |
110624e20050000GW |||||||||||||||||spa|d |
| 020 |
|
|
|a 3822861928
|
| 082 |
0 |
4 |
|a 750
|b BOC
|2 21
|
| 100 |
0 |
|
|a Bockemühl, Michael
|e author
|9 557749
|
| 245 |
1 |
0 |
|a Rembrandt, 1606-1669: el enigma de la visión del cuadro
|
| 300 |
|
|
|a 96 p
|
| 942 |
|
|
|c BK
|
| 945 |
|
|
|d 20110624 00:00:00
|a dcastane
|
| 260 |
|
|
|a Colonia
|b Taschen
|c 2005
|
| 600 |
0 |
7 |
|a REMBRANDT, HARMENSZOON VAN RIJ
|2 CL-VaPUC
|9 557750
|
| 650 |
|
0 |
|a Pintura
|9 265046
|
| 650 |
|
0 |
|a Pintura holandesa
|9 267860
|
| 650 |
|
7 |
|a PINTORES HOLANDESES
|2 CL-VaPUC
|9 557751
|
| 583 |
|
|
|a last modification
|c 20110624 00:00:00
|k Rodrigo Vera
|
| 999 |
|
|
|c 345220
|d 345218
|
| 952 |
|
|
|0 0
|1 0
|4 0
|6 750_000000000000000_BOC_2005
|7 0
|8 C
|9 443701
|a BIBCUR
|b BIBCUR
|d 2019-11-22
|i 4785681
|l 1
|o 750 BOC 2005
|p 4785681
|r 2025-04-22
|s 2022-08-17
|w 2019-11-22
|y BK
|k CAC
|
| 952 |
|
|
|0 0
|1 0
|4 0
|6 750_000000000000000_BOC_2005
|7 0
|8 C
|9 443702
|a BIBCUR
|b BIBCUR
|d 2019-11-22
|i 4785789
|l 1
|o 750 BOC 2005
|p 4785789
|r 2025-04-22
|s 2024-06-26
|w 2019-11-22
|y BK
|k CAC
|